| 000 | 00512nam a2200205 a 4500 | ||
|---|---|---|---|
| 001 | BRCA_6946 | ||
| 005 | 20190320205643.0 | ||
| 008 | 171111s1897----u--#######---#000-0#eng-# | ||
| 041 | _aeng | ||
| 044 | _auy | ||
| 050 | 4 |
_aPZ3 _b.V696Ga _c1897 |
|
| 100 | 1 |
_aVoynich, Ethel Lillian _917309 |
|
| 245 | 1 | 0 |
_aThe Gadfly _cby E. L. Voynich |
| 260 |
_aNueva York _bGrosset & Dunlap _c[1897] |
||
| 300 |
_a373 p. _c20 cm. |
||
| 500 | _aO176 | ||
| 650 | 1 | 4 |
_aLiteratura inglesa _917310 |
| 902 | _aGFM | ||
| 942 |
_2lcc _cB |
||
| 999 |
_c6628 _d6628 |
||